Score 0/300 Timer 20:00
13 Plays Today
Rank Name % Correct
27John
91.2%
7Michael
86.4%
13James
84.8%
5William
83.6%
18David
81%
15Matthew
80.1%
61Thomas
78.7%
40Jack
77.6%
62Robert
77.4%
184Mark
76.1%
76Jose
75.7%
10Daniel
75.7%
26Christopher
74.8%
198Paul
74.2%
208Peter
73.9%
110Alex
73.6%
22Andrew
73.4%
157George
73.2%
20Joseph
71.4%
136Steven
70.9%
268Andre
70.5%
3Jacob
69.1%
34Luke
69.1%
14Benjamin
68.3%
25Samuel
68.2%
140Richard
68.1%
252Stephen
68%
8Alexander
67.7%
57Charles
67%
82Adam
65.7%
150Brian
63.9%
30Ryan
63.7%
37Henry
63.2%
42Jonathan
62.9%
145Edward
62.9%
72Kevin
62.5%
21Joshua
62.4%
19Anthony
62.3%
125Timothy
61%
54Nicholas
61%
79Jason
60.7%
31Nathan
60.6%
51Aaron
59%
73Zachary
58.3%
118Eric
57%
16Jackson
56.9%
85Justin
55.9%
185Sean
55.6%
23Lucas
55.1%
63Tyler
54.9%
2Liam
54.5%
154Patrick
54.4%
1Noah
53.7%
52Oliver
53.5%
166Jake
53.4%
6Ethan
53.4%
155Kyle
53.4%
70Brandon
52.9%
132Bryan
51.3%
160Marcus
50.6%
233Charlie
50.5%
53Jordan
49.8%
35Christian
49.8%
202Luca
49.8%
80Ian
49.7%
43Eli
49%
175Bradley
48.9%
55Evan
48%
106Jesus
46.9%
112Leo
46.7%
29Isaac
46.7%
153Alan
46.5%
142Victor
46.4%
159Jeremy
46.3%
111Max
45.9%
12Aiden
45.6%
256Jeffrey
44.9%
101Vincent
44.1%
91Nathaniel
43.8%
56Connor
43.1%
100Juan
43%
28Dylan
42.9%
59Cameron
42.8%
4Mason
42.5%
263Martin
42.3%
187Kenneth
41.3%
293Andy
41%
38Owen
39.9%
65Austin
39.1%
11Elijah
38.8%
33Caleb
38.7%
105Carlos
38.5%
83Xavier
38.1%
205Derek
37.7%
17Logan
37.4%
9Jayden
37.2%
170Theodore
36.7%
32Carter
36.3%
24Gabriel
36.2%
36Hunter
36.1%
Rank Name % Correct
124Colin
36%
297Drew
35.8%
229Simon
35.7%
161Harrison
35.5%
178Oscar
35.3%
58Jeremiah
35.1%
267Johnny
34.8%
147Aidan
34.4%
44Isaiah
34%
47Julian
33.8%
75Blake
33.7%
158Jesse
33.5%
183Abraham
33.4%
114Cole
33.2%
135Jonah
32.9%
231Seth
32.7%
214Cody
32.2%
127Antonio
32.1%
77Chase
32%
235Trevor
31.9%
280Johnathan
31.8%
264Raymond
31.7%
168Grant
31.5%
141Jaden
31%
108Maxwell
30.6%
238Dean
30.3%
49Gavin
30%
257Shane
30%
144Joel
30%
223Jax
29.8%
60Adrian
29.5%
48Brayden
29.2%
74Parker
29.1%
137Ivan
29%
241Elliot
28.8%
156Riley
28.5%
129Hayden
28.5%
133Miguel
28.5%
46Jaxon
28.4%
221Conner
28.2%
84Cooper
28%
68Dominic
27.9%
90Carson
27.8%
41Wyatt
27.8%
232Travis
27.7%
152Ashton
27.6%
45Sebastian
27.4%
139Wesley
27.4%
131Leonardo
27.3%
117Bryce
27.3%
39Landon
27.3%
211Collin
27.2%
191Nicolas
27.1%
174Brady
26.7%
195Calvin
26.4%
67Angel
26.4%
210Devin
26.2%
115Miles
26.2%
209Peyton
25.9%
107Micah
25.9%
182Caden
25.2%
71Ayden
25.1%
207Jorge
25%
97Tristan
25%
227Garrett
24.9%
96Luis
24.6%
50Levi
24.5%
219Xander
24.5%
78Grayson
24.4%
162Jude
24.3%
64Colton
24.3%
203Graham
24.2%
69Josiah
24.2%
228Damien
24%
246Manuel
23.9%
254Ricardo
23.7%
94Brody
23.7%
98Damian
23.6%
250Finn
23.5%
242Lukas
23.4%
282Edwin
23.4%
260Erick
23.3%
284Marco
23.2%
93Kayden
23.1%
104Asher
23.1%
255Mario
23.1%
251Spencer
23.1%
172Cayden
23%
275Troy
22.8%
86Nolan
22.7%
92Jaxson
22.6%
285Drake
22.4%
196Avery
22.4%
165Alejandro
22.2%
199Kai
21.5%
151Kaden
21.5%
148Preston
21.3%
213Jaiden
21.2%
222Javier
21.1%
95Lincoln
20.6%
Rank Name % Correct
215Zane
20.6%
66Jace
20.3%
179Abel
20.2%
286Edgar
19.7%
230Zander
19.5%
244Elliott
19.5%
186Ezekiel
19.5%
138Kaleb
19.5%
113Elias
19.4%
130Diego
19.2%
197Tanner
19.1%
143Ezra
19%
204Omar
18.9%
258Clayton
18.9%
173Emmett
18.8%
220Eduardo
18.8%
149Greyson
18.6%
123Kaiden
18.6%
272Caiden
18.6%
294Alexis
18.6%
234Cristian
18.6%
296Felix
18.4%
81Bentley
18.3%
167Axel
18%
218Francisco
17.8%
248Jasper
17.8%
269Tyson
17.8%
189Everett
17.8%
240Chance
17.8%
99Camden
17.8%
171Emmanuel
17.6%
181Jameson
17.5%
212Andres
17.5%
121Declan
17%
265Judah
16.9%
103Ryder
16.9%
163Weston
16.9%
102Bryson
16.9%
253Fernando
16.8%
224Myles
16.4%
134Roman
16.3%
109Mateo
16.3%
116Silas
16.2%
87Hudson
16.2%
194Bennett
16.1%
283Kameron
16%
180Tucker
15.9%
266Trenton
15.7%
274Dominick
15.7%
122Braxton
15.6%
146Jayce
15.3%
277Hector
15.3%
200Maximus
15.2%
88Easton
15.2%
89Jase
15.1%
300Karter
15%
193King
15%
120Sawyer
14.8%
245Israel
14.3%
243Cash
13.9%
276Skyler
13.7%
201Rylan
13.7%
188Gage
13.6%
271Landen
13.5%
295Rowan
13.4%
217Corbin
13.2%
281Donovan
13.2%
177Malachi
13.2%
262Paxton
13.2%
128Giovanni
13.1%
225Griffin
13%
287Holden
12.8%
270Beau
12.7%
259Reid
12.6%
289Dante
12.5%
288Rafael
12.4%
298Emilio
12.4%
169Maddox
12.4%
249Keegan
12.1%
164Ryker
12%
299Brooks
11.9%
119Brantley
11.6%
216Amir
11.4%
126Santiago
11.2%
278Cruz
10.9%
190Kingston
10.9%
247Josue
10.7%
239Gunner
10.7%
290Jaylen
10.7%
236Zion
10.5%
237Lorenzo
10.3%
192Zayden
10.3%
261Cesar
10.2%
279Beckett
10.1%
273Maverick
9.6%
291Emiliano
9%
292Waylon
8.8%
206Jayceon
8.7%
226Iker
8.7%
176Gael
8.5%

You're not logged in!

Compare scores with friends on all Sporcle quizzes.
OR
Log In

Sporcle TV

Today on Sporcle TV


Watch our educational content, quiz creation guides, and fun videos on Sporcle TV.

Show Comments

Extras

Top Quizzes Today


Score Distribution

Paid Content

Your Account Isn't Verified!

In order to create a playlist on Sporcle, you need to verify the email address you used during registration. Go to your Sporcle Settings to finish the process.

Report this User

Report this user for behavior that violates our Community Guidelines.

Details: